000
00313nam a22001457a 4500
008
180919b xxu||||| |||| 00| 0 eng d
020
_a
9780323101080
041
_a
eng
080
_2
5th
_a
616.12
082
_a
616.12
100
_a
7
101
_a
KAR
245
_a
ECGs Made Easy
_c
Aehlert,B
942
_2
udc
_c
BK
999
_c
48030
_d
48030